| 000 | 008770000a22002050004500 | ||
|---|---|---|---|
| 020 | _a958-30-0154-6 | ||
| 041 | 0 | _aSPA | |
| 082 | 0 | 4 | _aG 001.4 S116p |
| 100 | 1 | _aSabino, Carlos A. | |
| 245 | 1 | 0 | _aEl proceso de investigación / Carlos A. Sabino |
| 260 | _aBogotá, Colombia : Panamericana | ||
| 300 | _a170 Pag. | ||
| 505 | 0 | 0 | _aEl problema del conocimiento -- El método científico -- La investigación científica -- Planteamiento de la investigación -- El marco teórico -- Problemas de la investigación -- El muestreo -- Indicadores e índices -- Instrumentos de recolección de datos -- Los datos y su procesamiento -- La conclusión de la investigación -- Palabras finales. |
| 650 | 1 | 4 | _aMETODOS DE INVESTIGACION |
| 001 | 560 | ||
| 942 | _cBK | ||
| 999 |
_c32076 _d32076 |
||
| 336 |
_atexto _btxt _2rdacontent |
||
| 337 |
_2rdamedia _asin mediación _bn |
||
| 338 |
_2rdacarrier _avolumen _bnc |
||